Spain Euro 2008 Squad - Statistics

General Stats
  • This quiz has been taken 1,201 times
  • The average score is 14 of 23
Answer Stats
Position Club (Then) Club (Now) Answer % Correct
GK Real Madrid Real Madrid Iker Casillas
98%
MD Barcelona Barcelona Xavi
96%
MD Barcelona Barcelona Andreas Iniesta
94%
FW Liverpool Chelsea Fernando Torres
94%
DF Real Madrid Real Madrid Sergio Ramos
94%
FW Valencia Barcelona David Villa
91%
DF Barcelona Barcelona Carles Puyol
90%
GK Liverpool Liverpool Pepe Reina
87%
MD Arsenal Barcelona Cesc Fabregas
85%
MD Valencia Manchester City David Silva
83%
MD Liverpool Real Madrid Xabi Alonso
81%
DF Liverpool Real Madrid Alvaro Arbeloa
64%
DF Valencia Real Madrid Raul Albiol
57%
MD Villarreal Villarreal Marcos Senna
54%
MD Villarreal Malaga Santi Cazorla
49%
DF Villarreal Benfica Joan Capdevilla
41%
DF Valencia Free Agent Carlos Marchena
40%
FW Mallorca Getafe Daniel Guiza
39%
GK Sevilla Sevilla Andres Palop
35%
FW Real Zaragoza Espanyol Sergio Garcia
21%
MD Getafe Retired Ruben de la Red
17%
DF Real Betis Valladolid Juanito
13%
DF Mallorca Sevilla Fernando Navarro
12%
No matching quizzes found
Score Distribution
Percent of People with Each Score
Percentile by Number Answered
Your Score History
You have not taken this quiz